000 00621nam a2200217Ia 4500
003 OSt
005 20230516115739.0
008 210423s2007 xx 000 0 und d
020 _a9780470060988
040 _cAL
041 _aeng
082 _a574.19245
_223
_bCOXM
100 _aCOX (Michael M);PHILLIPS (George N),Ed.
_9105170
245 _aHandbook of proteins: structure function and methods. V2.
260 _aEngland
_bJohn Wiley & Sons
_c2007
300 _axxi,1319
_bHB
365 _b6223
_cINR
440 _v2
906 _afunction ; Handbook ; methods ; proteins: ; structure ; V2.
942 _2ddc
_cBK
999 _c164465
_d164465